000 00955nam a2200241Ia 4500
003 GCL
008 140319s9999 xx 000 0 ara d
040 _aGCL /
_cGCL
082 0 4 _a819
_bم ك
100 1 _aنعيم زرزور
245 1 0 _aالكامل فى اللغة والادب /
_cنعيم زرزور
700 1 _aالمبرد: ابوالعباس محمد بن يزيد بن عبدالاكبر بن عمير بن حسان الثالى الازدى
700 1 _aالمبرد: ابوالعباس محمد بن يزيد بن عبدالاكبر بن عمير بن حسان الثالى الازدى
250 _aالثانية
260 _a[S.N] :
_bدار الكتب العلمية للنشر والتوزيع ،
_c1989
300 _a415 ص ؛
_c25 سم
490 _a
650 0 4 _aالشعر العربى
650 0 4 _aالادب العربى
650 0 4 _aاللغة العربية
650 0 4 _aالبلاغة
942 _2ddc
_cBK
999 _c39639
_d39639